Sports Quiz

Random Sports or NBA Quiz

NBA All Stars 2019 Quiz Stats

 Plays Quiz not verified by Sporcle

Score 0/27 Timer 10:00
0 Plays Today
Team Player % Correct
LakersLeBron James
100%
RocketsJames Harden
100%
WarriorsKevin Durant
100%
CelticsKyrie Irving
100%
RaptorsKawhi Leonard
100%
Pelicans/LakersAnthony Davis
100%
76ersBen Simmons
100%
TrailblazersDamian Lillard
100%
WarriorsKlay Thompson
100%
76ersJoel Embiid
100%
HornetsKemba Walker
100%
WarriorsStephen Curry
98.4%
ThunderPaul George
98.4%
PistonsBlake Griffin
98.4%
Team Player % Correct
Nets D'Angelo Russell
98.4%
BucksKhris Middleton
98.4%
Nuggets Nikola Jokic
98.4%
TimberwolvesKarl-Anthony Towns
96.9%
Magic Nikola Vucevic
96.9%
PacerVictor Oladipo
96.9%
ThunderRussell Westbrook
96.9%
RaptorsKyle Lowry
95.3%
Heat Dwayne Wade
93.8%
SpursLaMarcus Aldridge
93.8%
BucksGiannis Antetokounmpo
93.8%
MavericksDirk Nowitzki
92.2%
WizardsBradley Beal
17.2%

You're not logged in!

Compare scores with friends on all Sporcle quizzes.
OR
Log In

Show Comments

Extras

Created Aug 14, 2019ReportNominate
Tags:NBA Quiz, 2019, all-star, player, star, team

Top Quizzes Today


Score Distribution

Your Account Isn't Verified!

In order to create a playlist on Sporcle, you need to verify the email address you used during registration. Go to your Sporcle Settings to finish the process.

Report this User

Report this user for behavior that violates our Community Guidelines.

Details: